000 00559nam a2200157 a 4500
001 000029856
005 20200930055847.0
008 110426s1955 dr c 000 0 spa d
040 _aDO-SdBNP
_bspa
_cBNPHU
082 _axxx
_bP314
245 0 0 _aPatriotisme et education.
260 _aCiudad Trujillo, República Dominicana :
_bHenri Dechamps,
_c1955
_eHaiti
300 _a11 p. :
_bretr. ;
_c23 cm.
500 _aUn appel important du generalissime trujillo en vue de supprimer definitivement lʻanalphabetisme dans la Republique Dominicaine.
049 _aBNPD
999 _c29348
_d29348